Statistics for Countries that Consume the Most Fast Food

Click here to take the quiz!

General Stats

  • This quiz has been taken 210 times
  • The average score is 8 of 10

Answer Stats

HintAnswer% Correct
#1United States
100%
#4United Kingdom
95%
#3Canada
94%
#2France
91%
#9Germany
88%
#7Japan
82%
#5Australia
79%
#6South Korea
61%
#8Austria
41%
#10Switzerland
39%

Score Distribution

Percentile by Number Answered

Percent of People with Each Score

Your Score History

You have not taken this quiz